| 000 | 00430nam a2200145Ia 4500 | ||
|---|---|---|---|
| 005 | 20250310055240.0 | ||
| 008 | 240331s9999 xx 000 0 und d | ||
| 082 |
_bTHA _22211 _a954.93 |
||
| 100 | _aThangeswary, k | ||
| 245 | 0 | _aKalinga Mahan Varalaru | |
| 260 |
_aArayampathi, _bAnpu Veliyeedu _c1995 |
||
| 300 | _axxii, 224 p., | ||
| 500 | _aHistorical research on Kalinga Mahan, a ruled Sri Lanka in the 13th Century | ||
| 942 | _cL | ||
| 999 |
_c4286 _d4286 |
||